000 00759nam a2200217Ia 4500
001 10105
003 GE_BSU
008 181216s||||||||xx |||||||||||||| ||und||
020 _a9994039881
040 _cGE_BSU
080 _a821.353.1–1
100 _aსამადაშვილი,ნიკო
245 _a100 ლექსი
245 _cსაგამომც.პროექტის ავტ.კახმეგ კუდავა.წინასიტყვ.რევაზ სირაძე.შემდგ. მზია სამადაშვილი
260 _aთბილისი
260 _bინტელექტი
260 _c2006
300 _a134გვ.20სმ.
653 _a100 ლექსი
942 _cBK
999 _c43377
_d43377